<?xml version="1.0" encoding="UTF-8"?>
<record
    xmlns:xsi="http://www.w3.org/2001/XMLSchema-instance"
    xsi:schemaLocation="http://www.loc.gov/MARC21/slim http://www.loc.gov/standards/marcxml/schema/MARC21slim.xsd"
    xmlns="http://www.loc.gov/MARC21/slim">

  <leader>00562cam a22001697  4500</leader>
  <controlfield tag="001">ltf91040539 </controlfield>
  <controlfield tag="003">DLC</controlfield>
  <controlfield tag="005">20260227111553.0</controlfield>
  <controlfield tag="008">910416q19001959gw            000 0 ger  </controlfield>
  <datafield tag="010" ind1=" " ind2=" ">
    <subfield code="a">ltf91040539 </subfield>
  </datafield>
  <datafield tag="040" ind1=" " ind2=" ">
    <subfield code="a">DLC</subfield>
    <subfield code="c">DLC</subfield>
    <subfield code="d">DLC</subfield>
  </datafield>
  <datafield tag="050" ind1="0" ind2="0">
    <subfield code="a">4N 638</subfield>
  </datafield>
  <datafield tag="110" ind1="2" ind2=" ">
    <subfield code="a">Staatliche Kunsthalle Karlsruhe.</subfield>
  </datafield>
  <datafield tag="245" ind1="0" ind2="0">
    <subfield code="a">Mittelalterliche Kunst in Baden;</subfield>
    <subfield code="b">Ausstellung, veranstaltet f&#xFC;r den Wiederaufbau der St. Stephanskirche und der Evangelischen Stadtkirche in Karlsruhe, 9. Juli - 2. Oktober 1949.</subfield>
  </datafield>
  <datafield tag="260" ind1=" " ind2=" ">
    <subfield code="a">[Karlsruhe,</subfield>
    <subfield code="c">19  ]</subfield>
  </datafield>
  <datafield tag="300" ind1=" " ind2=" ">
    <subfield code="a">31 p.</subfield>
  </datafield>
  <datafield tag="999" ind1=" " ind2=" ">
    <subfield code="c">37567</subfield>
    <subfield code="d">37567</subfield>
  </datafield>
</record>
